| 000 | 00449nam a2200157Ia 4500 | ||
|---|---|---|---|
| 008 | 210716s2008 xx 000 0 und d | ||
| 020 | _a9788120335363 | ||
| 041 | _aeng | ||
| 082 | _a174. 9658 DASS | ||
| 100 | _aDas, Subhash Chandra. | ||
| 245 |
_aCorporate governance in India: an evaluation. _bEvaluation. |
||
| 250 | _a1 | ||
| 260 |
_aNew Delhi _bPrentice Hall of India PVt Ltd. _c2008 |
||
| 300 | _axvii,242 | ||
| 650 | _aCorporate Governance | ||
| 999 |
_c203387 _d203387 |
||